Thermodynamics for engineers / (Record no. 22439)
[ view plain ]
| 000 -LEADER | |
|---|---|
| fixed length control field | 01396cam a22003615a 4500 |
| 001 - CONTROL NUMBER | |
| control field | 17829940 |
| 005 - DATE AND TIME OF LATEST TRANSACTION | |
| control field | 20161003123401.0 |
| 008 - FIXED-LENGTH DATA ELEMENTS--GENERAL INFORMATION | |
| fixed length control field | 130729t2014 nyua frb 001 0 eng d |
| 010 ## - LIBRARY OF CONGRESS CONTROL NUMBER | |
| LC control number | 2013946505 |
| 015 ## - NATIONAL BIBLIOGRAPHY NUMBER | |
| National bibliography number | GBB386550 |
| Source | bnb |
| 016 7# - NATIONAL BIBLIOGRAPHIC AGENCY CONTROL NUMBER | |
| Record control number | 016502946 |
| Source | Uk |
| 020 ## - INTERNATIONAL STANDARD BOOK NUMBER | |
| International Standard Book Number | 9780071830829 |
| 020 ## - INTERNATIONAL STANDARD BOOK NUMBER | |
| International Standard Book Number | 0071830820 |
| 035 ## - SYSTEM CONTROL NUMBER | |
| System control number | (OCoLC)ocn859180875 |
| 040 ## - CATALOGING SOURCE | |
| Original cataloging agency | UKMGB |
| Language of cataloging | eng |
| Transcribing agency | UKMGB |
| Modifying agency | OCLCO |
| -- | YDXCP |
| -- | BTCTA |
| -- | CUV |
| -- | QBX |
| -- | OCLCO |
| -- | OCLCF |
| -- | CUD |
| -- | CRH |
| -- | IBI |
| -- | ERD |
| -- | OCL |
| -- | DLC |
| -- | DLC |
| -- | EG-ScBUE |
| 082 04 - DEWEY DECIMAL CLASSIFICATION NUMBER | |
| Classification number | 621.4021076 |
| Item number | POT |
| Edition number | 22 |
| 100 1# - MAIN ENTRY--PERSONAL NAME | |
| Personal name | Potter, Merle C. |
| 9 (RLIN) | 12513 |
| 245 10 - TITLE STATEMENT | |
| Title | Thermodynamics for engineers / |
| Statement of responsibility, etc | Merle C. Potter, Craig W. Somerton. |
| 246 33 - VARYING FORM OF TITLE | |
| Title proper/short title | Schaum’s outline of thermodynamics for engineers |
| 250 ## - EDITION STATEMENT | |
| Edition statement | 3rd ed. |
| 260 ## - PUBLICATION, DISTRIBUTION, ETC. (IMPRINT) | |
| Place of publication, distribution, etc | New York : |
| Name of publisher, distributor, etc | McGraw-Hill, |
| Date of publication, distribution, etc | c.2014. |
| 300 ## - PHYSICAL DESCRIPTION | |
| Extent | x, 406 p. : |
| Other physical details | ill. ; |
| Dimensions | 28 cm. |
| 490 0# - Series Statement | |
| Series statement | Schaum’s outline series |
| 500 ## - GENERAL NOTE | |
| General note | Previous edition : New York: McGraw-Hill, 2006. |
| 504 ## - BIBLIOGRAPHY, ETC. NOTE | |
| Bibliography, etc | Includes bibliographical references and index. |
| 650 #7 - SUBJECT ADDED ENTRY--TOPICAL TERM | |
| Topical term or geographic name as entry element | Thermodynamics |
| Form subdivision | Problems, exercises, etc. |
| Source of heading or term | BUEsh |
| 9 (RLIN) | 32752 |
| 651 ## - SUBJECT ADDED ENTRY--GEOGRAPHIC NAME | |
| Source of heading or term | BUEsh |
| 653 ## - INDEX TERM--UNCONTROLLED | |
| Resource For college | Engineering, Electrical |
| Arrived date list | October2016 |
| 700 1# - ADDED ENTRY--PERSONAL NAME | |
| Personal name | Somerton, Craig W. |
| 9 (RLIN) | 41299 |
| 856 42 - ELECTRONIC LOCATION AND ACCESS | |
| Materials specified | Contributor biographical information |
| Uniform Resource Identifier | <a href="https://www.loc.gov/catdir/enhancements/fy1616/2013946505-b.html">https://www.loc.gov/catdir/enhancements/fy1616/2013946505-b.html</a> |
| 856 42 - ELECTRONIC LOCATION AND ACCESS | |
| Materials specified | Publisher description |
| Uniform Resource Identifier | <a href="https://www.loc.gov/catdir/enhancements/fy1616/2013946505-d.html">https://www.loc.gov/catdir/enhancements/fy1616/2013946505-d.html</a> |
| 942 ## - ADDED ENTRY ELEMENTS (KOHA) | |
| Source of classification or shelving scheme | Dewey Decimal Classification |
| Withdrawn status | Item status | Source of classification or shelving scheme | Damaged status | Not for loan | Vendor | Home library | Current library | Shelving location | Date acquired | Source of acquisition | Cost, normal purchase price | Total Checkouts | Total Renewals | Full call number | Barcode | Date last seen | Date last borrowed | Koha item type |
|---|---|---|---|---|---|---|---|---|---|---|---|---|---|---|---|---|---|---|
| Dewey Decimal Classification | Baccah | Central Library | Central Library | First floor | 01/10/2016 | Purchase | 160.00 | 1 | 1 | 621.4021076 POT | 000033782 | 15/07/2025 | 16/11/2021 | Book - Borrowing |